Città più popolose Nord Italia - Statistics

Statistiche generali
  • Questo quiz è stato fatto 939 volte
    428 dall'ultimo reset
  • Il punteggio medio è 24 su 30
Statistiche sulle risposte
Popolazione Regione Città % Corretto
1 361 908 Lombardia Milano
100%
391 171 Emilia-Romagna Bologna
99%
856 928 Piemonte Torino
99%
558 328 Liguria Genova
98%
249 684 Veneto Venezia
97%
198 173 Friuli-Venezia Giulia Trieste
96%
118 016 Trentino-Alto Adige Trento
94%
255 267 Veneto Verona
94%
119 834 Lombardia Bergamo
89%
206 448 Veneto Padova
88%
197 151 Emilia-Romagna Parma
88%
196 648 Lombardia Brescia
87%
105 930 Trentino-Alto Adige Bolzano
85%
149 148 Emilia-Romagna Rimini
85%
97 841 Friuli-Venezia Giulia Udine
83%
184 038 Emilia-Romagna Modena
81%
169 437 Emilia-Romagna Reggio Emilia
81%
83 030 Lombardia Como
80%
121 843 Lombardia Monza
79%
92 025 Liguria La Spezia
77%
109 415 Veneto Vicenza
76%
155 682 Emilia-Romagna Ravenna
75%
102 564 Emilia-Romagna Piacenza
74%
91 174 Piemonte Alessandria
73%
129 075 Emilia-Romagna Ferrara
73%
101 234 Piemonte Novara
70%
84 809 Veneto Treviso
69%
116 470 Emilia-Romagna Forlì
65%
95 676 Emilia-Romagna Cesena
62%
83 094 Lombardia Busto Arsizio
30%
Nessun quiz corrispondente trovato
Distribuzione punteggi
Percentuale di utenti per punteggio
Percentile per numero di risposta
I tuoi punteggi nel tempo
Non hai fatto questo quiz dall'ultimo reset